000 01944nam a2200529 i 4500
001 51372
003 KOSZ 005
005 20211206084959.0
008 051209s2005 pl a f f |000 0 pol
015 _aUWD 2006/3939
020 _a8372075581
035 _a991029280659705066
035 _a(PL-WaBN)b17912313-48omnis_nlop
035 _ab17912313
035 _a(OCoLC)69465952
035 _azz2005858151
035 _a(PL)b0000001791231
035 _a(EXLNZ-48OMNIS_NETWORK)9910137684805606
040 _aWA N
_cWA N
_dWA N
_dLUBL KUL
_dKOSZ 005/HR
046 _k2005
080 _a004.421
080 _a004.043
080 _a(075.8)
100 1 _aAdamski, Tomasz
_c(elektronik)
_eAutor
245 1 0 _aAlgorytmy komputerowe i struktury danych /
_cTomasz Adamski, Jan Ogrodzki.
260 _aWarszawa :
_bOficyna Wydawnicza Politechniki Warszawskiej,
_c2005.
300 _a213 s. :
_bil. ;
_c24 cm.
336 _aTekst
_btxt
_2rdacontent
337 _aBez urządzenia pośredniczącego
_bn
_2rdamedia
338 _aWolumin
_bnc
_2rdacarrier
380 _aKsiążki
380 _aPublikacje dydaktyczne
385 _mPoziom nauczania
_aSzkoły wyższe
388 _a2001--
504 _aBibliogr. s. 213.
521 8 _aDla studentów Wydziału Elektroniki i Technik Informacyjnych PW oraz studiujących na kierunkach związanych z informatyką, elektroniką i telekomunikacją.
650 7 _aAlgorytmy
_2DBN
650 7 _aProgramowanie (informatyka)
_2DBN
650 7 _aStruktury danych
_2DBN
655 7 _aPodręczniki akademickie
_2DBN
658 _aInformatyka i technologie informacyjne
700 1 _aOgrodzki, Jan
_d(1954- )
_eAutor
710 2 _aOficyna Wydawnicza Politechniki Warszawskiej
_4pbl
856 _uhttp://koha.tu.koszalin.pl/cgi-bin/koha/opac-detail.pl?biblionumber=51372
_yKatalog online BPK
942 _2UKD
_cKS
999 _c51372
_d51372